|
|
|
|
| LEADER |
00000nam0a2200000 4500 |
| 001 |
248548 |
| 005 |
20231101232411.0 |
| 010 |
|
|
|a 9785922115070
|
| 035 |
|
|
|a (RuTPU)RU\TPU\book\270362
|
| 090 |
|
|
|a 248548
|
| 100 |
|
|
|a 20140123d2013 k y0rusy50 ca
|
| 101 |
0 |
|
|a rus
|
| 102 |
|
|
|a RU
|
| 105 |
|
|
|a a z 001zy
|
| 200 |
1 |
|
|a Динамическое формоизменение элементов конструкций
|f Б. А. Щеглов
|
| 210 |
|
|
|a Москва
|c Физматлит
|d 2013
|
| 215 |
|
|
|a 324 с.
|c ил.
|
| 320 |
|
|
|a Библиогр. в конце гл.
|
| 330 |
|
|
|a В книге излагается теория динамического формоизменения металлов, дается описание пластических волн и приводятся соотношения на фронтах осесимметричных гладких волн и сильных разрывов. Описаны динамика осесимметричного пластического формоизменения металлов и основные типы технологических операций: формовка поперечным импульсом тонких материалов, свободная раздача тонкостенных заготовок, их динамическая калибровка, многоимпульсное формообразование тонкостен ных изделий, динамическое обжатие толстостенных заготовок. Приводятся результаты экспериментальных исследований сопротивления металлов пластическому деформированию с высокими скоростями пластического течения, а также пластическому течению при высокоскоростном двухосном растяжении. Книга адресована аспирантам и научным работникам машиностроительных специальностей: механика твердого тела, прочность и динамика конструкций.
|
| 606 |
1 |
|
|a Пластичность, теория
|2 stltpush
|3 (RuTPU)RU\TPU\subj\49068
|9 67879
|
| 610 |
1 |
|
|a физика
|
| 610 |
1 |
|
|a металлы
|
| 610 |
1 |
|
|a формоизменение
|
| 610 |
1 |
|
|a сопротивление
|
| 610 |
1 |
|
|a динамические процессы
|
| 610 |
1 |
|
|a пластическое деформирование
|
| 610 |
1 |
|
|a осесимметричное пластическое деформирование
|
| 610 |
1 |
|
|a тонколистовые металлы
|
| 610 |
1 |
|
|a пластические свойства
|
| 610 |
1 |
|
|a растяжение
|
| 610 |
1 |
|
|a трубопроводы
|
| 610 |
1 |
|
|a движение
|
| 610 |
1 |
|
|a конструкции
|
| 610 |
1 |
|
|a осесимметричные оболочки
|
| 610 |
1 |
|
|a гидродинамические исследования
|
| 610 |
1 |
|
|a пластические волны
|
| 610 |
1 |
|
|a тонкостенные конструкции
|
| 675 |
|
|
|a 539.5
|v 3
|
| 700 |
|
1 |
|a Щеглов
|b Б. А.
|g Борис Александрович
|
| 801 |
|
1 |
|a RU
|b 63413507
|c 20140123
|
| 801 |
|
2 |
|a RU
|b 63413507
|c 20150519
|g RCR
|
| 942 |
|
|
|c BK
|
| 959 |
|
|
|a 10/20140123
|d 1
|e 0
|f ЧЗТЛ:1
|